Fixing fractured nations : (Record no. 15181)

000 -LEADER
fixed length control field 03012cam a2200385 a 4500
001 - CONTROL NUMBER
control field 15972755
005 - DATE AND TIME OF LATEST TRANSACTION
control field 20170105102912.0
008 - FIXED-LENGTH DATA ELEMENTS--GENERAL INFORMATION
fixed length control field 091104s2010 nyub b 001 0 eng
010 ## - LIBRARY OF CONGRESS CONTROL NUMBER
LC control number 2009046770
020 ## - INTERNATIONAL STANDARD BOOK NUMBER
International Standard Book Number 9780230236592 (hardback)
040 ## - CATALOGING SOURCE
Original cataloging agency DLC
Transcribing agency DLC
Modifying agency DLC
043 ## - GEOGRAPHIC AREA CODE
Geographic area code a------
-- p------
050 00 - LIBRARY OF CONGRESS CALL NUMBER
Classification number JZ5584.A7
Item number F59 2010
082 00 - DEWEY DECIMAL CLASSIFICATION NUMBER
Classification number 323.15
Edition number 22
245 00 - TITLE STATEMENT
Title Fixing fractured nations :
Remainder of title the challenge of ethnic separatism in the Asia-Pacific /
Statement of responsibility, etc. edited by Robert G. Wirsing, Ehsan Ahrari.
260 ## - PUBLICATION, DISTRIBUTION, ETC.
Place of publication, distribution, etc. New York :
Name of publisher, distributor, etc. Palgrave Macmillan,
Date of publication, distribution, etc. 2010.
300 ## - PHYSICAL DESCRIPTION
Extent xii, 288 p. :
Other physical details maps ;
Dimensions 23 cm.
490 0# - SERIES STATEMENT
Series statement Critical studies of the Asia Pacific series
504 ## - BIBLIOGRAPHY, ETC. NOTE
Bibliography, etc. note Includes bibliographical references and index.
505 8# - FORMATTED CONTENTS NOTE
Formatted contents note Machine generated contents note: Introduction: Ethnic Separatism in Asia: What Lies Ahead?--R. Wirsing Part I: South East Asia Thailand: Southern Discomfort: Separatist Conflict in the Kingdom of Thailand--I. Storey Myanmar/Burma: Resolving the Burmese Imbroglio: A Multilateral Solution?--M. Malik Philippines: Manilas Mindanao Muddle--V. Watson Indonesia: Letting Go to Hold On--A. Smith Part II: South Asia Pakistan: Ethnic Separatism in Balochistan: Tribal Turbulence on the Energy Corridor--R. Wirsing India: Nation and the Spirals of Insecurity: How the State Responds to Ethnic Separatism in Indias Northeast--S.K. Das India &--Pakistan: Dangerous Place: Kashmiri Separatism in a Disputed Territory--R. Wirsing Sri Lanka: Managing Ethnic Conflict in Sri Lanka: Going Beyond LTTE--S.Akhtar Part III: East Asia China: Retribution &--Retaliation: Uyghur Separatism &--Chinese Security in Xinjiang--E.Davis China: Tibet: At the Crossroads of Ethnic Nationalism &--Geopolitical Realism--P.Smith Part IV: Pacific Islands Papua New Guinea: The Melting Pot: Ethnicity, Identity &--Separatism in Bougainville, Papua New Guinea--J.Rolfe Conclusion: Ethnic Separatism in Geopolitical Perspective--E.Ahrari.
520 ## - SUMMARY, ETC.
Summary, etc. Asia's rising power and wealth offer its many oppressed ethnic minorities hope for greater political freedom and an end to violence. But the reality of this hope is cast in doubt by acute separatist conflict. This book provides fresh and factual assessments of separatist struggles and prospects for conflict resolution in nine countries of Asia --Provided by publisher.
650 #0 - SUBJECT ADDED ENTRY--TOPICAL TERM
Topical term or geographic name entry element Peace-building
Geographic subdivision Asia.
650 #0 - SUBJECT ADDED ENTRY--TOPICAL TERM
Topical term or geographic name entry element Conflict management
Geographic subdivision Asia.
650 #0 - SUBJECT ADDED ENTRY--TOPICAL TERM
Topical term or geographic name entry element Peace-building
Geographic subdivision Pacific Area.
650 #0 - SUBJECT ADDED ENTRY--TOPICAL TERM
Topical term or geographic name entry element Conflict management
Geographic subdivision Pacific Area.
650 #0 - SUBJECT ADDED ENTRY--TOPICAL TERM
Topical term or geographic name entry element Minorities
Geographic subdivision Asia.
650 #0 - SUBJECT ADDED ENTRY--TOPICAL TERM
Topical term or geographic name entry element Minorities
Geographic subdivision Pacific Area.
651 #0 - SUBJECT ADDED ENTRY--GEOGRAPHIC NAME
Geographic name Asia
General subdivision Ethnic relations
-- Political aspects.
651 #0 - SUBJECT ADDED ENTRY--GEOGRAPHIC NAME
Geographic name Pacific Area
General subdivision Ethnic relations
-- Political aspects.
700 1# - ADDED ENTRY--PERSONAL NAME
Personal name Wirsing, Robert.
700 1# - ADDED ENTRY--PERSONAL NAME
Personal name Ahrari, Mohammed E.
906 ## - LOCAL DATA ELEMENT F, LDF (RLIN)
a 7
b cbc
c orignew
d 1
e ecip
f 20
g y-gencatlg
942 ## - ADDED ENTRY ELEMENTS (KOHA)
Source of classification or shelving scheme
Koha item type Book
Holdings
Withdrawn status Lost status Damaged status Not for loan Collection code Permanent Location Current Location Shelving location Date acquired Total Checkouts Full call number Barcode Date last seen Price effective from Koha item type
          Centre for International Peace & Stability (CIPS) Centre for International Peace & Stability (CIPS) General Stacks 09/27/2013   323.15 FIX 2010 CIPS0001244 11/07/2013 11/07/2013 Book
© 2023 Central Library, National University of Sciences and Technology. All Rights Reserved.